000
002720000a22000970004500
100
1
_a
Torrance, Thomas F.
245
1
0
_a
The doctrine of the Virgin birth
300
_a
Vol. 12, Num. 1 (1994), Páginas 8-25
773
0
_t
Scottish Bulletin of Evangelical Theology
942
_c
ANA
999
_c
55709
_d
55709